[Event "PK Jeugd 2020 B"]
[Site "Eindhoven, Netherlands"]
[Date "????.??.??"]
[Round "3.8"]
[White "Li-Behn, Tobias"]
[Black "Ubbink, Anouk"]
[Result "1-0"]
[WhiteElo "1618"]
[BlackElo "1195"]

1. d4 {[%clk 00:55:18]} {[%emt 00:00:02]} d5 {[%clk 00:55:09]} {[%emt
00:00:12]} 2. c4 {[%clk 00:55:11]} {[%emt 00:00:16]} e6 {[%clk 00:55:15]}
{[%emt 00:00:04]} 3. Nc3 {[%clk 00:55:06]} {[%emt 00:00:15]} Nf6 {[%clk
00:55:23]} {[%emt 00:00:03]} 4. Nf3 {[%clk 00:55:00]} {[%emt 00:00:16]} c5
{[%clk 00:55:21]} {[%emt 00:00:12]} 5. dxc5 {[%clk 00:53:25]} {[%emt 00:01:45]}
Bxc5 {[%clk 00:55:25]} {[%emt 00:00:06]} 6. cxd5 {[%clk 00:53:23]} {[%emt
00:00:11]} Nxd5 {[%clk 00:55:24]} {[%emt 00:00:11]} 7. Nxd5 {[%clk 00:53:05]}
{[%emt 00:00:27]} exd5 {[%clk 00:54:53]} {[%emt 00:00:42]} 8. e3 {[%clk
00:53:00]} {[%emt 00:00:15]} O-O {[%clk 00:54:49]} {[%emt 00:00:15]} 9. Bd3
{[%clk 00:52:51]} {[%emt 00:00:18]} Nc6 {[%clk 00:54:35]} {[%emt 00:00:24]} 10.
O-O {[%clk 00:52:42]} {[%emt 00:00:19]} Bg4 {[%clk 00:54:08]} {[%emt 00:00:37]}
11. h3 {[%clk 00:50:41]} {[%emt 00:02:11]} Bh5 {[%clk 00:54:11]} {[%emt
00:00:07]} 12. Be2 {[%clk 00:49:39]} {[%emt 00:01:13]} Re8 {[%clk 00:53:02]}
{[%emt 00:01:18]} 13. Bd2 {[%clk 00:48:35]} {[%emt 00:01:15]} Qe7 {[%clk
00:47:21]} {[%emt 00:05:50]} 14. Re1 {[%clk 00:44:46]} {[%emt 00:03:59]} Ne5
{[%clk 00:43:52]} {[%emt 00:03:39]} 15. Bc3 {[%clk 00:41:26]} {[%emt 00:03:30]}
Nxf3+ {[%clk 00:43:23]} {[%emt 00:00:38]} 16. Bxf3 {[%clk 00:41:25]} {[%emt
00:00:12]} Bxf3 {[%clk 00:43:17]} {[%emt 00:00:15]} 17. Qxf3 {[%clk 00:41:33]}
{[%emt 00:00:03]} Rad8 {[%clk 00:42:31]} {[%emt 00:00:57]} 18. Rad1 {[%clk
00:40:46]} {[%emt 00:00:57]} Qe6 {[%clk 00:40:07]} {[%emt 00:02:33]} 19. Rd3
{[%clk 00:36:12]} {[%emt 00:04:45]} d4 {[%clk 00:37:42]} {[%emt 00:02:33]} 20.
exd4 {[%clk 00:32:39]} {[%emt 00:03:44]} Qd6 {[%clk 00:36:05]} {[%emt
00:01:48]} 21. Rxe8+ {[%clk 00:32:25]} {[%emt 00:00:24]} Rxe8 {[%clk 00:36:03]}
{[%emt 00:00:11]} 22. dxc5 {[%clk 00:32:14]} {[%emt 00:00:22]} Qxc5 {[%clk
00:36:06]} {[%emt 00:00:07]} 23. Qxb7 {[%clk 00:31:15]} {[%emt 00:01:09]} Qf5
{[%clk 00:34:17]} {[%emt 00:01:57]} 24. Qf3 {[%clk 00:29:50]} {[%emt 00:01:35]}
Qe6 {[%clk 00:33:58]} {[%emt 00:00:29]} 25. Qg4 {[%clk 00:29:05]} {[%emt
00:00:55]} f6 {[%clk 00:33:01]} {[%emt 00:01:07]} 26. Qxe6+ {[%clk 00:28:37]}
{[%emt 00:00:39]} Rxe6 {[%clk 00:33:01]} {[%emt 00:00:10]} 27. Rd8+ {[%clk
00:28:41]} {[%emt 00:00:06]} Kf7 {[%clk 00:33:07]} {[%emt 00:00:04]} 28. Rd7+
{[%clk 00:28:41]} {[%emt 00:00:11]} Re7 {[%clk 00:32:57]} {[%emt 00:00:20]} 29.
Rxe7+ {[%clk 00:28:38]} {[%emt 00:00:12]} Kxe7 {[%emt 00:00:15]} 30. a4 {[%clk
00:28:30]} {[%emt 00:00:09]} Kd6 {[%clk 00:32:56]} {[%emt 00:00:16]} 31. a5
{[%clk 00:28:24]} {[%emt 00:00:17]} a6 {[%clk 00:32:58]} {[%emt 00:00:08]} 32.
Kh2 {[%clk 00:28:25]} {[%emt 00:00:08]} Kd5 {[%clk 00:32:57]} {[%emt 00:00:10]}
33. Kg3 {[%clk 00:28:11]} {[%emt 00:00:24]} Ke4 {[%clk 00:32:41]} {[%emt
00:00:26]} 34. Kh4 {[%clk 00:27:26]} {[%emt 00:00:56]} Kf5 {[%clk 00:31:54]}
{[%emt 00:00:57]} 35. g3 {[%clk 00:26:53]} {[%emt 00:00:43]} g6 {[%clk
00:31:50]} {[%emt 00:00:14]} 36. f4 {[%clk 00:25:43]} {[%emt 00:01:19]} Ke6
{[%clk 00:31:41]} {[%emt 00:00:19]} 37. g4 {[%clk 00:25:47]} {[%emt 00:00:07]}
f5 {[%clk 00:31:07]} {[%emt 00:00:45]} 38. Kg5 {[%clk 00:25:34]} {[%emt
00:00:22]} fxg4 {[%clk 00:30:59]} {[%emt 00:00:18]} 39. hxg4 {[%clk 00:25:32]}
{[%emt 00:00:13]} Kf7 {[%clk 00:31:06]} {[%emt 00:00:02]} 40. f5 {[%clk
00:25:03]} {[%emt 00:00:39]} gxf5 {[%clk 00:31:09]} {[%emt 00:00:07]} 41. gxf5
{[%clk 00:25:10]} {[%emt 00:00:03]} Ke7 {[%clk 00:30:59]} {[%emt 00:00:19]} 42.
Kh6 {[%clk 00:25:17]} {[%emt 00:00:04]} Kf7 {[%clk 00:31:02]} {[%emt 00:00:07]}
43. Kxh7 {[%clk 00:25:08]} {[%emt 00:00:19]} Kf8 {[%clk 00:31:11]} {[%emt
00:00:02]} 44. Kg6 {[%clk 00:24:38]} {[%emt 00:00:39]} Kg8 {[%clk 00:31:13]}
{[%emt 00:00:09]} 45. f6 {[%clk 00:24:19]} {[%emt 00:00:28]} Kf8 {[%clk
00:31:19]} {[%emt 00:00:04]} 46. Bd4 {[%clk 00:24:10]} {[%emt 00:00:19]} Kg8
{[%clk 00:31:20]} {[%emt 00:00:09]} 47. f7+ {[%clk 00:24:13]} {[%emt 00:00:07]}
Kf8 {[%clk 00:31:11]} {[%emt 00:00:19]} 48. Bc5# {[%clk 00:24:12]} {[%emt
00:00:11]} 1-0

[Event "PK Jeugd 2020 B"]
[Site "Eindhoven, Netherlands"]
[Date "????.??.??"]
[Round "3.9"]
[White "van Wijk, Justin"]
[Black "Moonen, Kevin"]
[Result "1/2-1/2"]
[WhiteElo "1178"]
[BlackElo "1175"]

1. d4 {[%emt 00:03:10]} Nf6 {[%emt 00:00:05]} 2. Bf4 {[%emt 00:00:08]} d5
{[%emt 00:00:24]} 3. Nf3 {[%emt 00:00:11]} e6 {[%emt 00:00:55]} 4. e3 {[%emt
00:00:19]} c5 {[%emt 00:00:59]} 5. c4 {[%emt 00:00:34]} dxc4 {[%emt 00:01:14]}
6. Bxc4 {[%emt 00:00:16]} cxd4 {[%emt 00:00:17]} 7. Nxd4 {[%emt 00:00:13]} Nbd7
{[%emt 00:01:48]} 8. O-O {[%emt 00:00:36]} e5 {[%emt 00:00:20]} 9. Qb3 {[%emt
00:00:31]} Qe7 {[%emt 00:00:43]} 10. Nf5 {[%emt 00:00:18]} Nc5 {[%emt
00:02:31]} 11. Qb5+ {[%emt 00:05:20]} Bd7 {[%emt 00:01:30]} 12. Nxe7 {[%emt
00:00:33]} Bxb5 {[%emt 00:00:34]} 13. Bxb5+ {[%emt 00:00:07]} Kxe7 {[%emt
00:00:08]} 14. Bxe5 {[%emt 00:00:24]} a6 {[%emt 00:01:39]} 15. Be2 {[%emt
00:01:03]} Ncd7 {[%emt 00:03:42]} 16. Bd4 {[%emt 00:00:33]} g6 {[%emt
00:00:58]} 17. Nd2 {[%emt 00:00:45]} Bg7 {[%emt 00:01:01]} 18. g4 {[%emt
00:00:54]} h6 {[%emt 00:01:01]} 19. Ne4 {[%emt 00:01:47]} Rac8 {[%emt
00:03:22]} 20. Rac1 {[%emt 00:01:31]} Rhd8 {[%emt 00:02:22]} 21. f4 {[%emt
00:01:56]} Kf8 {[%emt 00:01:08]} 22. Nxf6 {[%emt 00:01:00]} Bxf6 {[%emt
00:00:39]} 23. Bxf6 {[%emt 00:00:37]} Nxf6 {[%emt 00:00:06]} 24. Rxc8 {[%emt
00:01:38]} Rxc8 {[%emt 00:00:09]} 25. g5 {[%emt 00:00:17]} hxg5 {[%emt
00:00:16]} 26. fxg5 {[%emt 00:00:12]} Nh7 {[%emt 00:00:10]} 27. Bf3 {[%emt
00:00:37]} Rc7 {[%emt 00:03:37]} 28. a4 {[%emt 00:00:41]} Nxg5 {[%emt
00:00:34]} 29. Bd5 {[%emt 00:00:42]} Rd7 {[%emt 00:00:54]} 30. e4 {[%emt
00:00:15]} Kg7 {[%emt 00:01:32]} 31. Kg2 {[%emt 00:00:22]} Nh7 {[%emt
00:00:28]} 32. Kf3 {[%emt 00:02:12]} Nf6 {[%emt 00:00:39]} 33. Rd1 {[%emt
00:00:24]} Nxd5 {[%emt 00:05:40]} 34. exd5 {[%emt 00:00:32]} f5 {[%emt
00:01:46]} 35. Kf4 {[%emt 00:00:23]} Kf6 {[%emt 00:00:20]} 36. h4 {[%emt
00:00:10]} Rd6 {[%emt 00:01:25]} 37. b4 {[%emt 00:00:16]} b6 {[%emt 00:00:08]}
38. a5 {[%emt 00:00:58]} b5 {[%emt 00:01:52]} 39. Rd3 {[%emt 00:01:32]} Rd7
{[%emt 00:01:45]} 40. Rd1 {[%emt 00:00:55]} Rd6 {[%emt 00:00:15]} 1/2-1/2

[Event "PK Jeugd 2020 B"]
[Site "Eindhoven, Netherlands"]
[Date "????.??.??"]
[Round "3.10"]
[White "Elst, Tygo"]
[Black "Hooijmans, Merijn Thijmen"]
[Result "0-1"]
[WhiteElo "1065"]
[BlackElo "1267"]

1. d4 {[%clk 00:55:14]} {[%emt 00:00:03]} d5 {[%clk 00:55:17]} {[%emt
00:00:06]} 2. c4 {[%clk 00:55:03]} {[%emt 00:00:20]} e6 {[%clk 00:55:08]}
{[%emt 00:00:20]} 3. cxd5 {[%clk 00:54:05]} {[%emt 00:01:08]} exd5 {[%clk
00:54:57]} {[%emt 00:00:21]} 4. Nc3 {[%clk 00:53:38]} {[%emt 00:00:37]} Nf6
{[%clk 00:54:37]} {[%emt 00:00:30]} 5. Bg5 {[%clk 00:53:15]} {[%emt 00:00:33]}
Be7 {[%clk 00:54:24]} {[%emt 00:00:22]} 6. Nf3 {[%clk 00:52:57]} {[%emt
00:00:29]} Nc6 {[%clk 00:53:48]} {[%emt 00:00:46]} 7. e3 {[%clk 00:51:36]}
{[%emt 00:01:31]} Ne4 {[%clk 00:52:59]} {[%emt 00:00:58]} 8. Bxe7 {[%clk
00:50:12]} {[%emt 00:01:34]} Qxe7 {[%clk 00:52:56]} {[%emt 00:00:13]} 9. Nxd5
{[%clk 00:49:57]} {[%emt 00:00:25]} Qd6 {[%clk 00:51:16]} {[%emt 00:01:50]} 10.
Nc3 {[%clk 00:47:31]} {[%emt 00:02:37]} Qb4 {[%clk 00:51:00]} {[%emt 00:00:25]}
11. Qc2 {[%clk 00:46:41]} {[%emt 00:01:01]} Bf5 {[%clk 00:48:46]} {[%emt
00:02:23]} 12. Bd3 {[%clk 00:45:25]} {[%emt 00:01:25]} Nxc3 {[%clk 00:47:07]}
{[%emt 00:01:50]} 13. bxc3 {[%clk 00:45:09]} {[%emt 00:00:26]} Bxd3 {[%clk
00:46:52]} {[%emt 00:00:26]} 14. Qxd3 {[%clk 00:44:26]} {[%emt 00:00:52]} Qd6
{[%clk 00:46:02]} {[%emt 00:01:00]} 15. O-O {[%clk 00:43:37]} {[%emt 00:00:59]}
O-O {[%clk 00:45:57]} {[%emt 00:00:16]} 16. Ng5 {[%clk 00:42:04]} {[%emt
00:01:42]} g6 {[%clk 00:45:55]} {[%emt 00:00:12]} 17. f4 {[%clk 00:40:55]}
{[%emt 00:01:19]} Rae8 {[%clk 00:45:10]} {[%emt 00:00:55]} 18. f5 {[%clk
00:40:34]} {[%emt 00:00:31]} Ne5 {[%clk 00:43:52]} {[%emt 00:01:28]} 19. Qd1
{[%clk 00:38:46]} {[%emt 00:01:52]} Nc4 {[%clk 00:43:21]} {[%emt 00:00:48]} 20.
e4 {[%clk 00:33:37]} {[%emt 00:05:19]} Ne3 {[%clk 00:43:05]} {[%emt 00:00:26]}
21. Qf3 {[%clk 00:32:44]} {[%emt 00:01:03]} Nxf1 {[%clk 00:42:34]} {[%emt
00:00:41]} 22. Rxf1 {[%clk 00:32:38]} {[%emt 00:00:16]} Qe7 {[%clk 00:41:39]}
{[%emt 00:01:04]} 23. f6 {[%clk 00:32:08]} {[%emt 00:00:40]} Qd7 {[%clk
00:41:10]} {[%emt 00:00:38]} 24. g4 {[%clk 00:30:44]} {[%emt 00:01:34]} Qb5
{[%clk 00:39:34]} {[%emt 00:01:46]} 25. Qh3 {[%clk 00:30:05]} {[%emt 00:00:50]}
Qxg5 {[%clk 00:39:26]} {[%emt 00:00:18]} 26. e5 {[%clk 00:28:37]} {[%emt
00:01:39]} Re6 {[%clk 00:38:01]} {[%emt 00:01:35]} 27. Qg3 {[%clk 00:28:16]}
{[%emt 00:00:31]} Rd8 {[%clk 00:37:25]} {[%emt 00:00:46]} 28. h4 {[%clk
00:26:47]} {[%emt 00:01:39]} Qd2 {[%clk 00:36:47]} {[%emt 00:00:47]} 29. g5
{[%clk 00:25:27]} {[%emt 00:01:30]} c5 {[%clk 00:35:52]} {[%emt 00:01:05]} 30.
Qh3 {[%clk 00:24:34]} {[%emt 00:01:03]} cxd4 {[%clk 00:33:55]} {[%emt
00:02:08]} 31. h5 {[%clk 00:24:25]} {[%emt 00:00:19]} Qxg5+ {[%clk 00:33:58]}
{[%emt 00:00:07]} 32. Kh1 {[%clk 00:23:39]} {[%emt 00:00:55]} Qxh5 {[%clk
00:33:48]} {[%emt 00:00:20]} 33. Qxh5 {[%clk 00:23:16]} {[%emt 00:00:33]} gxh5
{[%clk 00:33:49]} {[%emt 00:00:09]} 34. cxd4 {[%clk 00:22:36]} {[%emt
00:00:50]} Rxd4 {[%clk 00:33:44]} {[%emt 00:00:16]} 35. Rc1 {[%clk 00:22:20]}
{[%emt 00:00:25]} h6 {[%clk 00:33:24]} {[%emt 00:00:31]} 36. Rc7 {[%clk
00:21:49]} {[%emt 00:00:41]} Rxe5 {[%clk 00:33:09]} {[%emt 00:00:24]} 37. Rc8+
{[%clk 00:21:22]} {[%emt 00:00:37]} Kh7 {[%clk 00:33:05]} {[%emt 00:00:14]} 38.
Rc7 {[%clk 00:21:25]} {[%emt 00:00:07]} Kg6 {[%clk 00:32:28]} {[%emt 00:00:47]}
39. Rxb7 {[%clk 00:21:06]} {[%emt 00:00:29]} Rg5 {[%clk 00:32:23]} {[%emt
00:00:15]} 0-1

[Event "PK Jeugd 2020 B"]
[Site "Eindhoven, Netherlands"]
[Date "2020.02.08"]
[Round "4.1"]
[White "Grooten, Tommy"]
[Black "Boghossian, Wahe"]
[Result "1/2-1/2"]
[WhiteElo "1734"]
[BlackElo "1769"]

1. e4 {[%clk 00:55:19]} c5 {[%clk 00:54:06]} {[%emt 00:01:14]} 2. Nf3 {[%clk
00:55:25]} {[%emt 00:00:04]} d6 {[%clk 00:54:11]} {[%emt 00:00:05]} 3. d4
{[%clk 00:55:32]} {[%emt 00:00:03]} cxd4 {[%clk 00:54:16]} {[%emt 00:00:05]} 4.
Nxd4 {[%clk 00:55:39]} {[%emt 00:00:03]} Nf6 {[%clk 00:54:20]} {[%emt
00:00:05]} 5. Nc3 {[%clk 00:55:42]} {[%emt 00:00:07]} e5 {[%clk 00:53:29]}
{[%emt 00:01:01]} 6. Nb3 {[%clk 00:54:52]} {[%emt 00:01:00]} a6 {[%clk
00:53:24]} {[%emt 00:00:15]} 7. Be3 {[%clk 00:54:56]} {[%emt 00:00:05]} Be7
{[%clk 00:53:03]} {[%emt 00:00:29]} 8. f3 {[%clk 00:55:02]} {[%emt 00:00:07]}
Be6 {[%clk 00:51:47]} {[%emt 00:01:25]} 9. Qd2 {[%clk 00:55:09]} {[%emt
00:00:04]} h5 {[%clk 00:50:58]} {[%emt 00:00:58]} 10. O-O-O {[%clk 00:55:06]}
{[%emt 00:00:13]} Nbd7 {[%clk 00:49:28]} {[%emt 00:01:40]} 11. g3 {[%clk
00:55:07]} {[%emt 00:00:09]} Rc8 {[%clk 00:48:10]} {[%emt 00:01:27]} 12. h3
{[%clk 00:55:08]} {[%emt 00:00:09]} b5 {[%clk 00:47:27]} {[%emt 00:00:52]} 13.
Qf2 {[%clk 00:52:14]} {[%emt 00:03:06]} Qc7 {[%clk 00:42:30]} {[%emt 00:05:06]}
14. Bd3 {[%clk 00:50:30]} {[%emt 00:01:54]} Bc4 {[%clk 00:41:53]} {[%emt
00:00:47]} 15. Kb1 {[%clk 00:48:22]} {[%emt 00:02:19]} O-O {[%clk 00:29:12]}
{[%emt 00:12:51]} 16. g4 {[%clk 00:48:14]} {[%emt 00:00:19]} b4 {[%clk
00:26:53]} {[%emt 00:02:29]} 17. Ne2 {[%clk 00:43:25]} {[%emt 00:04:58]} a5
{[%clk 00:23:57]} {[%emt 00:03:07]} 18. Ng3 {[%clk 00:42:32]} {[%emt 00:01:03]}
a4 {[%clk 00:23:00]} {[%emt 00:01:07]} 19. Nf5 {[%clk 00:40:47]} {[%emt
00:01:54]} Rfe8 {[%clk 00:22:19]} {[%emt 00:00:51]} 20. Nc1 {[%clk 00:36:13]}
{[%emt 00:04:44]} a3 {[%clk 00:15:50]} {[%emt 00:06:39]} 21. b3 {[%clk
00:34:19]} {[%emt 00:02:03]} Bxd3 {[%clk 00:11:47]} {[%emt 00:04:11]} 22. Nxd3
{[%clk 00:32:56]} {[%emt 00:01:36]} d5 {[%clk 00:11:10]} {[%emt 00:00:47]} 23.
g5 {[%clk 00:30:29]} {[%emt 00:02:37]} dxe4 {[%clk 00:10:00]} {[%emt 00:01:20]}
24. gxf6 {[%clk 00:30:00]} {[%emt 00:00:38]} exd3 {[%clk 00:10:05]} {[%emt
00:00:06]} 25. Rxd3 {[%clk 00:29:22]} {[%emt 00:00:48]} Nxf6 {[%clk 00:07:46]}
{[%emt 00:02:29]} 26. Rg1 {[%clk 00:29:02]} {[%emt 00:00:31]} g6 {[%clk
00:05:44]} {[%emt 00:02:12]} 27. Qg2 {[%clk 00:25:39]} {[%emt 00:03:32]} Kh7
{[%clk 00:02:30]} {[%emt 00:03:23]} 28. Nh4 {[%clk 00:21:05]} {[%emt 00:04:45]}
Rg8 {[%clk 00:02:20]} {[%emt 00:00:20]} 29. Bc1 {[%clk 00:17:15]} {[%emt
00:04:00]} Bf8 {[%clk 00:00:18]} {[%emt 00:02:12]} 30. Qd2 {[%clk 00:16:16]}
{[%emt 00:01:08]} e4 {[%clk 00:00:13]} {[%emt 00:00:15]} 31. Rd4 {[%clk
00:15:19]} {[%emt 00:01:07]} Qe5 {[%clk 00:00:13]} {[%emt 00:00:11]} 32. f4
{[%clk 00:14:28]} {[%emt 00:01:01]} Qb5 {[%clk 00:00:15]} {[%emt 00:00:08]} 33.
f5 {[%clk 00:14:11]} {[%emt 00:00:26]} Qc5 {[%clk 00:00:15]} {[%emt 00:00:10]}
34. fxg6+ {[%clk 00:13:42]} {[%emt 00:00:39]} fxg6 {[%clk 00:00:23]} {[%emt
00:00:02]} 35. Rc4 {[%clk 00:12:28]} {[%emt 00:01:25]} Qxg1 {[%clk 00:00:32]}
{[%emt 00:00:02]} 36. Rxc8 {[%clk 00:12:26]} {[%emt 00:00:12]} e3 {[%clk
00:00:15]} {[%emt 00:00:26]} 37. Qxe3 {[%clk 00:12:26]} {[%emt 00:00:10]} Qxe3
{[%clk 00:00:25]} 38. Bxe3 {[%clk 00:12:25]} {[%emt 00:00:11]} Nd5 {[%clk
00:00:27]} {[%emt 00:00:08]} 39. Bd4 {[%clk 00:11:53]} {[%emt 00:00:42]} Bg7
{[%clk 00:00:16]} {[%emt 00:00:21]} 40. Rxg8 {[%clk 00:10:53]} {[%emt
00:01:11]} Kxg8 {[%clk 00:00:18]} {[%emt 00:00:08]} 41. Bxg7 {[%clk 00:10:45]}
{[%emt 00:00:17]} Kxg7 {[%clk 00:00:27]} {[%emt 00:00:01]} 42. Nf3 {[%clk
00:10:37]} {[%emt 00:00:18]} Kf6 {[%clk 00:00:29]} {[%emt 00:00:08]} 43. Nd4
{[%clk 00:10:21]} {[%emt 00:00:26]} Kg5 {[%clk 00:00:28]} {[%emt 00:00:10]} 44.
Ne2 {[%clk 00:10:04]} {[%emt 00:00:27]} Kh4 {[%clk 00:00:30]} {[%emt 00:00:08]}
45. c4 {[%clk 00:09:19]} {[%emt 00:00:56]} bxc3 {[%clk 00:00:37]} {[%emt
00:00:03]} 46. Kc2 {[%clk 00:09:21]} {[%emt 00:00:07]} Nb4+ {[%clk 00:00:17]}
{[%emt 00:00:31]} 47. Kxc3 {[%clk 00:08:50]} {[%emt 00:00:42]} Nxa2+ {[%clk
00:00:26]} {[%emt 00:00:01]} 48. Kc4 {[%clk 00:08:47]} {[%emt 00:00:12]} Kxh3
{[%clk 00:00:30]} {[%emt 00:00:06]} 49. Nf4+ {[%clk 00:08:38]} {[%emt
00:00:19]} Kg3 {[%clk 00:00:26]} {[%emt 00:00:12]} 50. Nxg6 {[%clk 00:08:46]}
{[%emt 00:00:04]} h4 {[%clk 00:00:23]} {[%emt 00:00:13]} 51. Nxh4 {[%clk
00:08:10]} {[%emt 00:00:46]} Kxh4 {[%clk 00:00:32]} {[%emt 00:00:02]} 52. Kd3
{[%clk 00:08:05]} {[%emt 00:00:15]} Nb4+ {[%clk 00:00:30]} {[%emt 00:00:12]} 53.
Kc3 {[%clk 00:08:07]} {[%emt 00:00:07]} a2 {[%clk 00:00:31]} {[%emt 00:00:08]}
54. Kb2 {[%clk 00:08:13]} {[%emt 00:00:04]} Kg4 {[%clk 00:00:38]} {[%emt
00:00:03]} 55. Ka1 {[%clk 00:08:15]} {[%emt 00:00:08]} Kf3 {[%clk 00:00:47]}
{[%emt 00:00:02]} 56. Kb2 {[%clk 00:08:17]} {[%emt 00:00:08]} Ke3 {[%clk
00:00:43]} {[%emt 00:00:14]} 57. Ka1 {[%clk 00:08:22]} {[%emt 00:00:05]} Kd3
{[%clk 00:00:19]} {[%emt 00:00:33]} 58. Kb2 {[%clk 00:08:27]} {[%emt 00:00:06]}
Kd2 {[%clk 00:00:14]} {[%emt 00:00:15]} 59. Ka1 {[%clk 00:08:30]} {[%emt
00:00:07]} Kc3 {[%clk 00:00:19]} {[%emt 00:00:06]} 1/2-1/2

[Event "PK Jeugd 2020 B"]
[Site "Eindhoven, Netherlands"]
[Date "2020.02.08"]
[Round "4.2"]
[White "Verheul, Job"]
[Black "van Kuijk, Vadim"]
[Result "1-0"]
[WhiteElo "1677"]
[BlackElo "1697"]

1. e4 {[%clk 00:55:17]} {[%emt 00:00:01]} Nf6 {[%clk 00:54:07]} {[%emt
00:01:07]} 2. e5 {[%clk 00:55:22]} {[%emt 00:00:11]} Nd5 {[%clk 00:54:08]}
{[%emt 00:00:10]} 3. c4 {[%clk 00:55:16]} {[%emt 00:00:15]} Nb6 {[%clk
00:54:13]} {[%emt 00:00:06]} 4. d4 {[%clk 00:55:20]} {[%emt 00:00:06]} d6
{[%clk 00:54:19]} {[%emt 00:00:04]} 5. exd6 {[%clk 00:55:22]} {[%emt 00:00:08]}
exd6 {[%clk 00:54:24]} {[%emt 00:00:05]} 6. Nc3 {[%clk 00:55:06]} {[%emt
00:00:26]} Bf5 {[%clk 00:53:43]} {[%emt 00:00:51]} 7. Nf3 {[%clk 00:51:16]}
{[%emt 00:03:59]} Be7 {[%clk 00:53:22]} {[%emt 00:00:31]} 8. Bd3 {[%clk
00:48:24]} {[%emt 00:03:02]} Bxd3 {[%clk 00:45:41]} {[%emt 00:07:51]} 9. Qxd3
{[%clk 00:48:31]} {[%emt 00:00:03]} O-O {[%clk 00:45:15]} {[%emt 00:00:36]} 10.
O-O {[%clk 00:47:29]} {[%emt 00:01:12]} N8d7 {[%clk 00:43:48]} {[%emt
00:01:37]} 11. b3 {[%clk 00:45:39]} {[%emt 00:01:59]} f5 {[%clk 00:41:20]}
{[%emt 00:02:38]} 12. Bb2 {[%clk 00:42:44]} {[%emt 00:03:06]} g6 {[%clk
00:40:36]} {[%emt 00:00:55]} 13. Rfe1 {[%clk 00:40:48]} {[%emt 00:02:06]} Bf6
{[%clk 00:40:34]} {[%emt 00:00:12]} 14. Re2 {[%clk 00:37:33]} {[%emt 00:03:25]}
c6 {[%clk 00:31:02]} {[%emt 00:09:41]} 15. Rae1 {[%clk 00:36:51]} {[%emt
00:00:51]} Kf7 {[%clk 00:26:48]} {[%emt 00:04:25]} 16. Qe3 {[%clk 00:33:00]}
{[%emt 00:04:01]} Re8 {[%clk 00:24:23]} {[%emt 00:02:35]} 17. Qh6 {[%clk
00:32:20]} {[%emt 00:00:50]} Rh8 {[%clk 00:21:29]} {[%emt 00:03:04]} 18. Bc1
{[%clk 00:30:47]} {[%emt 00:01:44]} Qf8 {[%clk 00:16:33]} {[%emt 00:05:05]} 19.
Qf4 {[%clk 00:25:11]} {[%emt 00:05:45]} c5 {[%clk 00:12:51]} {[%emt 00:03:54]}
20. Nb5 {[%clk 00:24:11]} {[%emt 00:01:09]} Nc8 {[%clk 00:10:52]} {[%emt
00:02:10]} 21. Nc7 {[%clk 00:21:19]} {[%emt 00:03:02]} Rb8 {[%clk 00:10:02]}
{[%emt 00:01:00]} 22. Re8 {[%clk 00:18:21]} {[%emt 00:03:07]} Qg7 {[%clk
00:09:15]} {[%emt 00:00:58]} 23. Qe3 {[%clk 00:16:29]} {[%emt 00:02:02]} Nf8
{[%clk 00:06:07]} {[%emt 00:03:18]} 24. Ng5+ {[%clk 00:09:25]} {[%emt
00:07:14]} Bxg5 {[%clk 00:05:34]} {[%emt 00:00:43]} 25. Qxg5 {[%clk 00:09:28]}
{[%emt 00:00:07]} Qf6 {[%clk 00:04:26]} {[%emt 00:01:17]} 26. Qxf6+ {[%clk
00:07:21]} {[%emt 00:02:17]} Kxf6 {[%clk 00:04:35]} {[%emt 00:00:02]} 27. Nd5+
{[%clk 00:07:17]} {[%emt 00:00:13]} Kf7 {[%clk 00:03:24]} {[%emt 00:01:22]} 28.
R1e7+ {[%clk 00:07:03]} {[%emt 00:00:24]} 1-0